|
|
|
|
| LEADER |
01526nam a2200301 a 4500 |
| 001 |
31787 |
| 003 |
BD-DhAAL |
| 005 |
20211121142430.0 |
| 008 |
950524r19951965nyu 000 0 eng |
| 999 |
|
|
|c 38003
|d 38003
|
| 020 |
|
|
|a 0231082711
|
| 020 |
|
|
|a 9780231082716
|
| 040 |
|
|
|a DLC
|c DLC
|d BD-DhAAL
|
| 082 |
0 |
0 |
|a 822.33
|2 23
|
| 100 |
1 |
|
|a Frye, Northrop
|9 21441
|
| 245 |
1 |
2 |
|a A natural perspective :
|b the development of Shakespearean comedy and romance /
|c Northrop Frye ; [with a foreword by Stanley Cavell].
|
| 260 |
|
|
|a New York :
|b Columbia University Press,
|c 1965 [i.e. 1995]
|
| 300 |
|
|
|a xxiii, 159 p. ;
|c 20 cm.
|
| 440 |
|
0 |
|a Bampton lectures in America ;
|v no. 15
|9 21442
|
| 526 |
|
|
|a ENH
|
| 541 |
|
|
|e 317878,31788,31789
|
| 600 |
0 |
0 |
|a Shakespeare, William,
|d 1564-1616
|x Comedies.
|9 21443
|
| 650 |
|
|
|a English literature.
|9 42905
|
| 852 |
|
|
|a Ayesha Abed Library
|c General Stacks
|
| 942 |
|
|
|2 lcc
|c BK
|
| 952 |
|
|
|0 0
|1 0
|2 ddc
|4 0
|6 822_330000000000000_FRY
|7 0
|9 60503
|a BRACUL
|b BRACUL
|c GEN
|d 2017-05-04
|e Karim International
|g 3600.00
|l 2
|m 5
|o 822.33 FRY
|p 3010031788
|r 2025-05-20
|s 2025-04-28
|t 2
|v 3600.00
|w 2017-05-04
|y BK
|
| 952 |
|
|
|0 0
|1 0
|2 ddc
|4 0
|6 822_330000000000000_FRY
|7 0
|9 60504
|a BRACUL
|b BRACUL
|c GEN
|d 2017-05-04
|e Karim International
|g 3600.00
|l 3
|m 17
|o 822.33 FRY
|p 3010031787
|r 2025-08-28
|s 2025-08-28
|t 1
|v 3600.00
|w 2017-05-04
|y BK
|
| 952 |
|
|
|0 0
|1 0
|2 ddc
|4 0
|6 822_330000000000000_FRY
|7 0
|9 60505
|a BRACUL
|b BRACUL
|c GEN
|d 2017-05-04
|e Karim International
|g 3600.00
|l 3
|m 19
|o 822.33 FRY
|p 3010031789
|r 2025-05-05
|s 2025-04-28
|t 3
|v 3600.00
|w 2017-05-04
|y BK
|